|
|
|
|
| LEADER |
00000nam0a2200000 4500 |
| 001 |
63518 |
| 005 |
20231031064341.0 |
| 010 |
|
|
|a 5778204930
|
| 035 |
|
|
|a (RuTPU)RU\TPU\book\67409
|
| 090 |
|
|
|a 63518
|
| 100 |
|
|
|a 20040513d2004 k y0engy50 ba
|
| 101 |
0 |
|
|a eng
|
| 102 |
|
|
|a RU
|
| 105 |
|
|
|a y z 001zy
|
| 200 |
1 |
|
|a Design of experiments and statistical analysis for grouped observations
|e monograph
|f V. I. Denisov [и др.]
|
| 210 |
|
|
|a Novosibirsk
|c NSTU Publishing house
|d 2004
|
| 215 |
|
|
|a 464 p.
|
| 320 |
|
|
|a References: p. 323-334.
|
| 330 |
|
|
|a This monograph is devoted to the problems of design of experiments and statistical data processing. Along with well-known methods, new ones, in particular, methods of statistical processing of grouped and partially grouped data, are set forth. Methods, algorithms, and procedures of regression experiment optimal design, estimation of continuous distribution and regression equations unknown parameters as well as testing statistical hypotheses are described. The book is intended for a wide circle of specialists involved in statistical data processing, conducting experimental research (i.e. engineers, economists, biologists, sociologists, etc.) and students in the final years of study majoring in the aforementioned fields.
|
| 610 |
1 |
|
|a статистика
|
| 610 |
1 |
|
|a математическая статистика
|
| 610 |
1 |
|
|a статистические данные
|
| 610 |
1 |
|
|a обработка
|
| 610 |
1 |
|
|a проекты
|
| 610 |
1 |
|
|a эксперименты
|
| 610 |
1 |
|
|a статистические наблюдения
|
| 610 |
1 |
|
|a непрерывные распределения
|
| 610 |
1 |
|
|a статистический анализ
|
| 610 |
1 |
|
|a английский язык
|
| 675 |
|
|
|a 519.242
|v 3
|
| 701 |
|
1 |
|a Denisov
|b V. I.
|
| 701 |
|
1 |
|a Eger
|b K.-H.
|
| 701 |
|
1 |
|a Lemeshko
|b B. Yu.
|
| 701 |
|
1 |
|a Tsoy
|b E. B.
|
| 801 |
|
1 |
|a RU
|b 63413507
|c 20040513
|g PSBO
|
| 801 |
|
2 |
|a RU
|b 63413507
|c 20140604
|g PSBO
|
| 942 |
|
|
|c BK
|